Nauka o písmu

Bibliographic Details
Main Author: Menhart, Oldřich, 1897-1962 (Author)
Format: Book
Language:Undetermined
PhysicalDescription:87 s.
Published: Praha Státní pedagogické nakladatelství 1954

MARC

LEADER 00000nam a2200000 a 4500
001 vtls001315496
003 SK-MaSNL
005 20260416165346.0
008 240315s1954 xx 0 und
035 |a SNK000267986 
040 |a SNK  |b slo  |c SNK  |e AACR2 
100 1 |a Menhart, Oldřich,  |d 1897-1962  |4 aut  |9 109471 
245 1 |a Nauka o písmu 
260 |a Praha  |b Státní pedagogické nakladatelství  |c 1954 
300 |a 87 s. 
999 |c 974786  |d 976716 
952 |t P60, <04>, [BOOK], {604}  |a SNK  |b SNK  |y VYP  |7 0  |p 17A0114900  |o snkIC 49352 D1  |0 0  |1 1  |4 0  |d 1998-01-07  |l 0  |r 2005-01-02 00:00:00  |w 2026-02-24